00454nmm a2200157Ia 4500008004100000020001800041041000800059100002800067245003500095264005800130300001800188650001500206856005100221942000700272999001700279251105s9999||||xx |||||||||||||||||und|| a9789871925209 aspa aMarchiori, Hilda (dir.) 0aVíctimas de delitos sexuales a[Buenos Aires, Argentina] :bEditorial Brujas, c2014 a172 páginas aPsychology uhttps://public.digitaliapublishing.com/a/35424 cCF c97345d97345